MARC details
| 000 -LEADER |
| fixed length control field |
03911nam\a2200313\a\4500 |
| 001 - CONTROL NUMBER |
| control field |
57748 |
| 005 - DATE AND TIME OF LATEST TRANSACTION |
| control field |
20260406153941.0 |
| 006 - FIXED-LENGTH DATA ELEMENTS--ADDITIONAL MATERIAL CHARACTERISTICS--GENERAL INFORMATION |
| fixed length control field |
m |o d | |
| 007 - PHYSICAL DESCRIPTION FIXED FIELD--GENERAL INFORMATION |
| fixed length control field |
cr ||||||||||| |
| 008 - FIXED-LENGTH DATA ELEMENTS--GENERAL INFORMATION |
| fixed length control field |
260406s2020 nyu ob 001 0 eng |
| 020 ## - INTERNATIONAL STANDARD BOOK NUMBER |
| ISBN |
9780429327728 |
| Qualifying information |
(ebook) |
| 020 ## - INTERNATIONAL STANDARD BOOK NUMBER |
| Cancelled/invalid ISBN |
9780367345242 |
| Qualifying information |
(hardback) |
| 040 ## - CATALOGING SOURCE |
| Original cataloging agency |
DLC |
| Language of cataloging |
eng |
| Transcribing agency |
DLC |
| Description conventions |
rda |
| Modifying agency |
BD-DhIUB |
| 082 00 - DEWEY DECIMAL CLASSIFICATION NUMBER |
| Classification number |
658.301 |
| Edition number |
23 |
| Item number |
G9775s |
| 100 1# - MAIN ENTRY--PERSONAL NAME |
| Personal name |
Das Gupta, Ananda, |
| Dates associated with a name |
1955- |
| Relator term |
author. |
| 245 10 - TITLE STATEMENT |
| Title |
Strategic human resource management : |
| Remainder of title |
formulating and implementing HR strategies for a competitive advantage / |
| Statement of responsibility, etc |
Ananda Das Gupta. |
| 250 ## - EDITION STATEMENT |
| Edition statement |
1st ed. |
| 260 ## - PUBLICATION, DISTRIBUTION, ETC. (IMPRINT) |
| Place of publication, distribution, etc |
New York; |
| Name of publisher, distributor, etc |
Routhledge, |
| Date of publication, distribution, etc |
2020 |
| 300 ## - PHYSICAL DESCRIPTION |
| Extent |
1 online resource |
| 504 ## - BIBLIOGRAPHY, ETC. NOTE |
| Bibliography, etc |
Includes bibliographical references and index. |
| 520 ## - SUMMARY, ETC. |
| Summary, etc |
"Human resources strategic management concept has developed widely in the last couple of years, especially because of the impact that human resources have over the competitiveness of organizations. The development of human resources strategies involves taking into account their multiple mutual dependences and the fact that they must be vertically integrated with the business strategy. These strategies define intentions and plans related to overall organizational considerations, such as organizational competitiveness, effectiveness or image, and to more specific aspects of human resources management, such as resourcing, motivating, valuating, learning and development, reward and employee relations. Human resources strategic management supplies a large perspective on the way critical issues or success factors related to people can be addressed and different concepts of strategic decisions are made, with long-term impact on the behavior and success of the organization. The fundamental objective of human resource strategic management is to generate strategic capability by ensuring that the organization has the high-qualified, committed and well-motivated employees it needs to achieve and sustain competitive advantage. The emergence of strategic human resource management (SHRM) is influenced by the global competition, and the corresponding search for sources of sustainable competitive advantage. SHRM has achieved its prominence because it provides a means by which business firms can enhance the competitiveness and promote managerial efficiency. It facilitates the development of a human capital that meets the requirements of business competitive strategy, so that organizational goals and mission will be achieved. HRM system is defined as "a set of distinct but interrelated activities, functions and processes that are directed at attracting, developing, and maintaining (or disposing of) a firm's human resources." Many agree that HRM is the most effective tool which contribute to the creation of human capital, and in turn, contributes to organizational performance and competitive advantage. This book provides the emphasis on understanding HRM as the management of work and people in organizations and the analytical approach we take to this means that the boundaries between HRM, industrial/employment relations and organizational behaviour. As a management discipline, HRM draws insights, models, and theories from cognate disciplines and applies them to real world settings. Further, discussions of how current theoretical perspectives and frameworks (e.g., those related to strategic competitiveness, knowledge management, learning organization, communities of practice) can be applied by reflective practitioners to create an eco-friendly organizational culture"-- |
| 526 ## - STUDY PROGRAM INFORMATION NOTE |
| School name |
School of Business and Entrepreneurship |
| Department |
HRM |
| Shelving Location |
Reference Stacks |
| 541 ## - IMMEDIATE SOURCE OF ACQUISITION NOTE |
| Source of acquisition |
Risaam |
| 650 #0 - SUBJECT ADDED ENTRY--TOPICAL TERM |
| Topical term or geographic name as entry element |
Personnel management. |
| 650 #0 - SUBJECT ADDED ENTRY--TOPICAL TERM |
| Topical term or geographic name as entry element |
Strategic planning. |
| 650 #0 - SUBJECT ADDED ENTRY--TOPICAL TERM |
| Topical term or geographic name as entry element |
Organizational effectiveness. |
| 776 08 - ADDITIONAL PHYSICAL FORM ENTRY |
| Display text |
Print version: |
| Main entry heading |
Das Gupta, Ananda, 1955- |
| Title |
Strategic human resource management |
| Place, publisher, and date of publication |
New York, NY : Routledge, 2020. |
| International Standard Book Number |
9780367345242 |
| Record control number |
(DLC) 2019056496 |
| 942 ## - ADDED ENTRY ELEMENTS (KOHA) |
| Source of classification or shelving scheme |
Dewey Decimal Classification |
| Koha item type |
Books |